| 000 | 00693nam a2200121Ia 4500 | ||
|---|---|---|---|
| 008 | 220615s9999||||xx |||||||||||||| ||und|| | ||
| 245 | 2 | _aA National Asset: 50 Years of the Strategic and Defence Studies Centre | |
| 546 | _aEnglish[eng] | ||
| 650 | _aaustralia||strategic affairs research||defence policy||Canberra||Des Ball||International relations | ||
| 700 | _aBall, Desmond||Carr, Andrew | ||
| 856 | _uhttps://library.oapen.org/bitstream/20.500.12657/32043/1/619481.pdf||https://library.oapen.org/bitstream/20.500.12657/32043/1/619481.pdf||https://library.oapen.org/bitstream/20.500.12657/32043/1/619481.pdf||https://library.oapen.org/bitstream/20.500.12657/32043/1/619481.pdf | ||
| 942 | _cEB | ||
| 999 |
_c12750 _d12750 |
||